Harry Potter Spells (extensive) - Statistics

General Stats
  • This quiz has been taken 222 times
  • The average score is 27 of 71
Answer Stats
Hint Answer % Correct
Summoning Charm Accio
98%
Killing Curse Avada Kedavra
91%
torture curse Crucio
88%
Unlocking Charm Alohomora
85%
Wand-lighting Spell Lumos
84%
counter-charm to lumos Nox
82%
clean, drinkable jet of water from the wand tip Aguamenti
80%
Disarming Charm Expelliarmus
80%
mind control curse Imperio
79%
Patronus Charm Expecto Patronum
77%
erases specific memories Obliviate
72%
Exploding Charm Bombarda
68%
full body-bind Petrificus Totalus
67%
repairs broken objects Reparo
66%
slashes the target, as if they have been "slashed by a sword" Sectumsempra
66%
silences something Silencio
64%
lets objects fly Wingardium Leviosa
64%
causes target to swell Engorgio
63%
Invisible shield that reflects spells and blocks physical entities Protego
61%
reveals secrets Revelio
61%
cuts or tears objects Diffindo
59%
victim becomes confused Confundo
58%
produces fire Incendio
58%
stuns the target Stupefy
58%
used when fighting boggarts Riddikulus
53%
breaks objects Reducto
49%
Prevents others from hearing nearby conversations Muffliato
42%
Healing spell Episkey
39%
turns object into portkey Portus
38%
conjures a serpent Serpensortia
38%
Slowing Charm Arresto momentum
37%
conjures the dark mark Morsmordre
37%
mind reading Legilimens
36%
causes an object to shrink Reducio
35%
produces fiery explosion Confringo
34%
terminates all spell effects Finite Incantatem
32%
tickles the target Rictusempra
32%
causes objects to move downwards Descendo
29%
turns animals to goblets Vera Verto
29%
cleaning spell Scourgify
28%
Bird-Conjuring Charm Avis
26%
Vanishing spell evanesco
25%
reveals human presence Homenum Revelio
23%
forces target to release its hold Relashio
23%
heals broken bones (used unsuccessfully in the movie) Brackium Emendo
21%
makes target louder Sonorus
21%
sends target away from caster Depulso
19%
Doubling charm Geminio
19%
locks doors Colloportus
18%
ties up target with ropes Incarcerous
18%
targeted objects attack a victim Oppugno
18%
freezing spell Immobulus
15%
animates inanimate objects Piertotum Locomotor
15%
awakens unconscious target Rennervate
14%
shoots target into the air Alarte Ascendare
13%
Leg-Locker Curse Locomotor Mortis
13%
turns object into stone Duro
12%
healing spell (cast by Snape) Vulnera Sanentur
12%
causes teeth to grow rapidly Densaugeo
11%
produces bursts of red sparks Periculum
11%
Revealing Charm Aparecium
10%
Animagus Spell Amato Animo Animato Animagus
9%
eradication spell Deletrius
8%
opens passages Dissendium
8%
Covers the target in boils (or pimples) Furnunculus
8%
lights cloaks on fire Lacarnum Inflamari
8%
expands internal dimensions of objects without affecting external dimensions Capacious extremis
6%
produces boundary that hides caster Cave inimicum
6%
wand shows echo of the last spell casted Prior Incantato
6%
seals someone's mouth shut, making it look like it was never there Oscausi
5%
target starts vomiting slugs slugulus eructo
5%
No matching quizzes found
Score Distribution
Percent of People with Each Score
Percentile by Number Answered
Your Score History
You have not taken this quiz